Plants vs zombies 2 (plants starting with letter C) - Statistics

General Stats
  • This quiz has been taken 39 times
  • The average score is 4 of 9
Answer Stats
Answer % Correct
cabbage-pult
55%
cherry bomb
55%
cactus
45%
coconut cannon
45%
chili bean
42%
chomper
42%
citron
42%
chard guard
35%
celery stalker
26%
No matching quizzes found
Score Distribution
Percent of People with Each Score
Percentile by Number Answered
Your Score History
You have not taken this quiz